Gabbe's obstetrics : (Record no. 2622)
[ view plain ]
| 000 -LEADER | |
|---|---|
| fixed length control field | 02253cam a2200277 i 4500 |
| 008 - FIXED-LENGTH DATA ELEMENTS--GENERAL INFORMATION | |
| fixed length control field | 190423s2021 paua b 001 0 eng |
| 020 ## - INTERNATIONAL STANDARD BOOK NUMBER | |
| ISBN | 9780323608701 (hardcover) |
| 245 00 - TITLE STATEMENT | |
| Title | Gabbe's obstetrics : |
| Remainder of title | normal and problem pregnancies / |
| Statement of responsibility, etc | Mark B. Landon, MD (Richard L. Meiling Professor and Chair, Department of Obstetrics and Gynecology, the Ohio State University College of Medicine, Columbus, Ohio), Henry L. Galan, MD (Professor, Department of Obstetrics and Gynecology, University of Colorado School of Medicine, Aurora, Colorado), Eric R.M. Jauniaux, MD, PhD, FRCOG (Professor in Obstetrics & Fetal Medicine, Institute for Women's Health, University College London, London, United Kingdom), Deborah A. Driscoll, MD (Luigi Mastroianni Jr Professor of Obstetrics and Gynecology, Senior Vice President, Clinical Practices of the University of Pennsylvania, Vice Dean for Professional Services, University of Pennsylvania Perelman School of Medicine, Philadelphia, Pennsylvania), Vincenzo Berghella, MD (Director, Maternal-Fetal Medicine, Professor of Obstetrics and Gynecology, Sidney Kimmel Medical College of Thomas Jefferson University, Philadelphia, Pennsylvania), William A. Grobman, MD, MBA (Professor, Department of Obstetrics and Gynecology, Northwestern University, Chicago, Illinois), Sarah J. Kilpatrick, MD, PhD (Chair, Department of Obstetrics and Gynecology, Helping Hand of Los Angeles Endowed Chair, Associate Dean for Faculty Development and Diversity, Cedars-Sinai Medical Center, Los Angeles, California), Alison G. Cahill, MD, MSCI (Professor, Department of Women's Health, University of Texas at Austin, Dell Medical School, Austin, Texas). |
| 250 ## - EDITION STATEMENT | |
| Edition statement | 8th edition. |
| 260 ## - PUBLICATION, DISTRIBUTION, ETC. (IMPRINT) | |
| Place of publication | Philadelpia |
| Name of publisher | Elsevier Ltd |
| Date of publication | 2021 |
| 300 ## - COLLATION | |
| Pagination | xvii, 1257 pages : |
| Other physical details | illustrations (chiefly color) ; |
| 650 #0 - TRACINGS | |
| Main Subject | Obstetrics. |
| 650 #0 - TRACINGS | |
| Main Subject | Pregnancy. |
| 650 #0 - TRACINGS | |
| Main Subject | Childbirth. |
| 650 #0 - TRACINGS | |
| Main Subject | Pregnancy |
| Subdivision (2nd) | Complications. |
| 700 1# - ADDITIONAL AUTHOR | |
| Additional Author | Landon, Mark B., |
| 700 1# - ADDITIONAL AUTHOR | |
| Additional Author | Galan, Henry L., |
| 700 1# - ADDITIONAL AUTHOR | |
| Additional Author | Jauniaux, E., |
| 700 1# - ADDITIONAL AUTHOR | |
| Additional Author | Driscoll, Deborah A., |
| 700 1# - ADDITIONAL AUTHOR | |
| Additional Author | Berghella, Vincenzo, |
| 700 1# - ADDITIONAL AUTHOR | |
| Additional Author | Grobman, William A., |
| 700 1# - ADDITIONAL AUTHOR | |
| Additional Author | Kilpatrick, Sarah Jestin, |
| 700 1# - ADDITIONAL AUTHOR | |
| Additional Author | Cahill, Alison G., |
| 942 ## - ADDED ENTRY ELEMENTS (KOHA) | |
| Item type | Books |
| 050 00 - LIBRARY OF CONGRESS CALL NUMBER | |
| Classification number | RG524 |
| Item number | .O3 2021 |
| Source of classification or shelving scheme | Not for loan | Permanent location | Current location | Date acquired | Accession No. | Full call number | Barcode. | Koha item type |
|---|---|---|---|---|---|---|---|---|
| Library of Congress Classification | Medical Library | Medical Library | 03/24/2025 | 2024/63500 | RG524.G33 | 2025-0910 | Books |